Statistiken für Bravo - The Hits 2016

Klicken Sie hier um das Quiz zu spielen!

Allgemein

  • Dieses Quiz wurde 98 mal gespielt
  • Das Durchschnittsergebnis liegt bei 14 aus 45

Antwortstatistiken

SongInterpret% Korrekt
Love YourselfJustin Bieber
78%
Cheap ThrillsSia Feat. Sean Paul
71%
Let Me Love YouDJ Snake Feat. Justin Bieber
70%
Can't Stop The Feeling!Justin Timberlake
67%
80 MillionenMax Giesinger
67%
Wir Sind GroßMark Forster
66%
CloserThe Chainsmokers Feat. Halsey
59%
Ain't Your MamaJennifer Lopez
58%
FadedAlan Walker
54%
Hymn For The WeekendColdplay
53%
Die Immer LachtStereoact Feat. Kerstin Ott
50%
MercyShawn Mendes
48%
HumanRag'n'Bone Man
46%
Side To SideAriana Grande Feat. Nicki Minaj
44%
Me, Myself & IG-Eazy X Bebe Rexha
37%
My WayCalvin Harris
34%
Would I Lie To YouDavid Guetta, Cedric Gervais and Chris Willis
33%
BonfireFelix Jaehn Feat. Alma
33%
Scars To Your BeautifulAlessia Cara
31%
Please Tell RosieAlle Farben Feat. Younotus
31%
AhnmaBeginner Feat. Gzuz & Gentleman
31%
The Sound Of SilenceDisturbed
28%
Cake By The OceanDNCE
27%
Still Falling For YouEllie Goulding
27%
I Took A Pill In IbizaMike Posner
27%
StimmeEFF
26%
Fast CarJonas Blue Feat. Dakota
21%
I Hate You, I Love YouGnash Feat. Olivia O'Brien
19%
Light It UpMajor Lazer Feat. Nyla & Fuse ODG
18%
Das GeschenkSportfreunde Stiller
18%
Dye My HairAlma
17%
If I Were SorryFrans
17%
Don't Be So ShyImany
17%
The OceanMike Perry Feat. Shy Martin
17%
Bonnie & ClydeSarah Connor & Henning Wehland
14%
This GirlKungs Vs Cookin' On 3 Burners
13%
Erkläre Mir Die LiebePhilipp Poisel
12%
RenegadesX Ambassadors
9%
Party Like A RussianRobbie Williams
8%
Catch & ReleaseMatt Simons
7%
Lost On YouLP
6%
SpiritsThe Strumbellas
6%
Work From HomeFifth Harmony Feat. Ty Dolla $ign
4%
Love On MeGalantis & Hook N Sling
2%
SexualNEIKED Feat. Dyo
1%

Verteilung der Resultate

Perzentil nach korrekt beantworteten Fragen

Anzahl Personen mit jedem Resultat

Ihre Resultats-Entwicklung

Sie haben dieses Quiz noch nicht gespielt